[Event "Torre delle Stelle op 1st"]
[Site "Sinnai"]
[Date "2011.06.22"]
[Round "1"]
[White "Bonugli, Carlo"]
[Black "Shytaj, Luca"]
[Result "0-1"]
[WhiteElo "2047"]
[BlackElo "2494"]
[PlyCount "98"]
[EventDate "2011.06.22"]
[EventType "swiss"]
[EventRounds "7"]
[EventCountry "ITA"]
[SourceTitle "EXT 2023"]
[Source "ChessBase"]
[SourceDate "2022.10.05"]
[SourceVersion "1"]
[SourceVersionDate "2022.10.05"]
[SourceQuality "1"]

1. e4 c5 2. Nc3 d6 3. g3 Nc6 4. Bg2 g6 5. d3 Bg7 6. f4 Nf6 7. Nf3 0-0 8. 0-0 Rb8 9. h3 b5 10. g4 b4 11. Ne2 c4 12. Be3 cxd3 13. cxd3 Ba6 14. Ng3 Nd7 15. Rf2 Nb6 16. Rc1 Bb5 17. Rfc2 Qd7 18. Ne2 Rfc8 19. Ned4 Nxd4 20. Nxd4 Rxc2 21. Rxc2 Na4 22. Bf1 Bxd4 23. Bxd4 Nc5 24. f5 e5 25. fxe6 fxe6 26. Rf2 e5 27. Be3 Rf8 28. Rxf8+ Kxf8 29. Qc2 Ne6 30. Qf2+ Kg7 31. d4 Bxf1 32. Kxf1 Qb5+ 33. Kg1 Qd3 34. g5 Nf4 35. Bxf4 exf4 36. e5 dxe5 37. dxe5 Qe3 38. Qxe3 fxe3 39. e6 Kf8 40. Kf1 Ke7 41. Ke2 Kxe6 42. Kxe3 Kf5 43. Kd4 Kxg5 44. Kc5 Kh4 45. a4 bxa3 46. bxa3 Kxh3 47. Kb5 g5 48. Ka6 g4 49. Kxa7 g3 0-1

[Event "Cesenatico op 14th"]
[Site "Cesenatico"]
[Date "2010.09.05"]
[Round "7"]
[White "Barlocco, Carlo"]
[Black "Bonugli, Carlo"]
[Result "0-1"]
[WhiteElo "2164"]
[BlackElo "2003"]
[PlyCount "128"]
[EventDate "2010.08.30"]
[EventType "swiss"]
[EventRounds "9"]
[EventCountry "ITA"]
[SourceTitle "CBM 138 Extra"]
[Source "ChessBase"]
[SourceDate "2010.10.29"]
[SourceVersion "1"]
[SourceVersionDate "2010.10.29"]
[SourceQuality "1"]

1. d4 Nf6 2. Nf3 c5 3. c3 b6 4. Bf4 Bb7 5. e3 g6 6. Nbd2 Bg7 7. Be2 0-0 8. 0-0 d5 9. a4 Nbd7 10. Ne5 Nxe5 11. Bxe5 e6 12. Qb3 Ne4 13. Nxe4 Bxe5 14. Nxc5 Bxh2+ 15. Kxh2 Qc7+ 16. g3 bxc5 17. dxc5 Rab8 18. Qa3 h5 19. b4 d4 20. cxd4 h4 21. b5 hxg3+ 22. fxg3 e5 23. Rf6 Kg7 24. Rd6 Rh8+ 25. Kg1 Rh1+ 26. Kf2 Rh2+ 27. Ke1 Qa5+ 28. Kf1 Qd2 29. Qd3 Rh1+ 30. Kf2 Qxd3 31. Bxd3 Rxa1 32. c6 Ba8 33. Rd7 Rxa4 34. dxe5 Re8 35. e6 Rxe6 36. c7 Bb7 37. Rd8 Re7 38. c8Q Bxc8 39. Rxc8 Ra2+ 40. Kf3 Ra3 41. Rd8 f5 42. Rd6 Rc7 43. g4 Rcc3 44. gxf5 Rxd3 45. Rxg6+ Kf7 46. Re6 Rd5 47. Kf4 Rxb5 48. e4 Rb6 49. Re5 a5 50. Rc5 Rb7 51. Rc6 Ra1 52. Rh6 Rf1+ 53. Kg5 Re7 54. Ra6 Rxe4 55. Ra7+ Re7 56. Rxa5 Rb7 57. Rc5 Rg1+ 58. Kf4 Rb4+ 59. Ke3 Kf6 60. Rc8 Kxf5 61. Rf8+ Ke6 62. Re8+ Kd7 63. Rh8 Rg3+ 64. Kf2 Ra3 0-1

[Event "Condino op"]
[Site "Condino"]
[Date "2010.07.30"]
[Round "7"]
[White "Bonugli, Carlo"]
[Black "Gallucci, Alessio"]
[Result "0-1"]
[WhiteElo "2032"]
[BlackElo "2155"]
[PlyCount "114"]
[EventDate "2010.07.26"]
[EventType "swiss"]
[EventRounds "7"]
[EventCountry "ITA"]
[SourceTitle "CBM 137 Extra"]
[Source "ChessBase"]
[SourceDate "2010.09.01"]
[SourceVersion "1"]
[SourceVersionDate "2010.09.01"]
[SourceQuality "1"]

1. e4 c5 2. Nc3 Nc6 3. g3 g6 4. Bg2 Bg7 5. d3 d6 6. f4 e6 7. Nf3 Nge7 8. 0-0 0-0 9. Be3 Nd4 10. e5 Bd7 11. Ne4 Nef5 12. Bf2 Nxf3+ 13. Bxf3 dxe5 14. fxe5 Bc6 15. Bxc5 Bxe5 16. c3 Re8 17. Bf2 Bg7 18. Nc5 Qc7 19. Bxc6 Qxc6 20. Qe2 Nd6 21. Ne4 f5 22. Nxd6 Qxd6 23. d4 Rad8 24. Qc4 Rc8 25. Qb3 Qd5 26. Rae1 Kf7 27. Re2 b5 28. Rfe1 a5 29. Qxd5 exd5 30. Rxe8 Rxe8 31. Rxe8 Kxe8 32. Be3 Kd7 33. Kf2 Kc6 34. Ke2 Bf6 35. Kd3 g5 36. b3 h6 37. a4 bxa4 38. bxa4 Bd8 39. c4 Bc7 40. Bf2 h5 41. h3 g4 42. hxg4 fxg4 43. cxd5+ Kxd5 44. Be1 Bd8 45. Bd2 Bc7 46. Be1 Bd6 47. Ke3 Bb4 48. Bf2 Kc4 49. Ke4 Kb3 50. Ke5 Kxa4 51. d5 Kb5 52. Ke6 a4 53. d6 Ba5 54. Bd4 a3 55. d7 a2 56. Ke7 h4 57. Bc3 Bb6 0-1

[Event "Condino op"]
[Site "Condino"]
[Date "2010.07.26"]
[Round "1"]
[White "Lezzerini, Marco"]
[Black "Bonugli, Carlo"]
[Result "0-1"]
[WhiteElo "1672"]
[BlackElo "2032"]
[PlyCount "52"]
[EventDate "2010.07.26"]
[EventType "swiss"]
[EventRounds "7"]
[EventCountry "ITA"]
[SourceTitle "CBM 137 Extra"]
[Source "ChessBase"]
[SourceDate "2010.09.01"]
[SourceVersion "1"]
[SourceVersionDate "2010.09.01"]
[SourceQuality "1"]

1. Nf3 Nf6 2. g3 g6 3. Bg2 Bg7 4. 0-0 0-0 5. d3 d5 6. c3 c5 7. Nbd2 Nc6 8. e4 e5 9. a4 dxe4 10. Nxe4 Nxe4 11. dxe4 Qc7 12. Qc2 Be6 13. Be3 Na5 14. Nd2 Rad8 15. Rfd1 b6 16. h4 Nb7 17. Nf3 Nd6 18. b3 h6 19. Kh2 f5 20. exf5 Bxf5 21. Qb2 Bg4 22. Ne1 Bxd1 23. Rxd1 Nf5 24. Bd2 Rd6 25. Be4 Ne7 26. Qc2 Rxf2+ 0-1

[Event "Foligno op"]
[Site "Foligno"]
[Date "2010.06.04"]
[Round "3"]
[White "De Santis, Alessio"]
[Black "Bonugli, Carlo"]
[Result "1-0"]
[WhiteElo "2316"]
[BlackElo "2020"]
[PlyCount "63"]
[EventDate "2010.06.04"]
[EventType "swiss"]
[EventRounds "6"]
[EventCountry "ITA"]
[SourceTitle "CBM 136 Extra"]
[Source "ChessBase"]
[SourceDate "2010.07.02"]
[SourceVersion "2"]
[SourceVersionDate "2010.07.15"]
[SourceQuality "1"]

1. b3 e5 2. Bb2 Nc6 3. Nf3 d6 4. d4 Qe7 5. d5 Nb8 6. e4 Nf6 7. Nc3 g6 8. h3 Bg7 9. Qd2 Nbd7 10. 0-0-0 0-0 11. g4 Nc5 12. Qe3 Bd7 13. Nd2 c6 14. Be2 cxd5 15. exd5 Ne8 16. h4 Nc7 17. h5 b5 18. hxg6 fxg6 19. Nde4 b4 20. Nxc5 bxc3 21. Bxc3 dxc5 22. d6 Qf6 23. dxc7 Bc6 24. Bc4+ Kh8 25. g5 Qf4 26. Qxf4 Rxf4 27. Rd8+ Rf8 28. Rhd1 Bb7 29. Rxa8 Bxa8 30. Rd8 Bb7 31. Bxe5 Bc8 32. Rxf8# 1-0

[Event "EU Union-ch 3rd"]
[Site "Arvier"]
[Date "2007.06.22"]
[Round "8"]
[White "Cavatorta, Fosco"]
[Black "Bonugli, Carlo"]
[Result "1-0"]
[WhiteElo "1921"]
[BlackElo "2091"]
[PlyCount "127"]
[EventDate "2007.06.15"]
[EventType "swiss"]
[EventRounds "10"]
[EventCountry "ITA"]
[SourceTitle "CBM 118 Extra"]
[Source "ChessBase"]
[SourceDate "2007.07.04"]
[SourceVersion "1"]
[SourceVersionDate "2007.07.04"]
[SourceQuality "1"]

1. e4 e6 2. d3 d5 3. Nd2 c5 4. Ngf3 Nf6 5. g3 g6 6. Bg2 Bg7 7. 0-0 0-0 8. Re1 Nc6 9. c3 b6 10. e5 Nd7 11. d4 Qc7 12. Nf1 cxd4 13. cxd4 f6 14. exf6 Nxf6 15. Bf4 Qe7 16. Ne5 Nxe5 17. Bxe5 Bd7 18. Ne3 Qb4 19. Re2 Rac8 20. Rc1 Rxc1 21. Qxc1 Rc8 22. Rc2 Qf8 23. Rxc8 Qxc8 24. Qxc8+ Bxc8 25. f4 Kf7 26. Kf2 Ba6 27. g4 Bf8 28. Bxf6 Kxf6 29. g5+ Ke7 30. Ng4 Bc4 31. a3 Bg7 32. Ke3 Ba2 33. Ne5 Kd6 34. Bf1 Bxe5 35. fxe5+ Kc6 36. Ba6 Kc7 37. Bb5 Bc4 38. Ba4 Ba6 39. h4 Bb7 40. h5 Bc6 41. Bc2 Be8 42. Kd2 Kd8 43. Bd3 Ke7 44. h6 b5 45. Kc3 a5 46. Kb3 Kd8 47. a4 bxa4+ 48. Ka3 Kc7 49. Bc2 Kb6 50. Bxa4 Bb5 51. Bc2 Be8 52. b4 Ka6 53. Bd3+ Kb6 54. bxa5+ Kxa5 55. Bc2 Ka6 56. Kb4 Kb6 57. Bd3 Kb7 58. Bb5 Bc6 59. Kc5 Bxb5 60. Kxb5 Ka7 61. Kc6 Ka6 62. Kd6 Kb5 63. Kxe6 Kc4 64. Kf7 1-0

[Event "EU Union-ch 3rd"]
[Site "Arvier"]
[Date "2007.06.18"]
[Round "4"]
[White "Bashkite, Viktoria"]
[Black "Bonugli, Carlo"]
[Result "1-0"]
[WhiteElo "2202"]
[BlackElo "2091"]
[PlyCount "58"]
[EventDate "2007.06.15"]
[EventType "swiss"]
[EventRounds "10"]
[EventCountry "ITA"]
[SourceTitle "CBM 118 Extra"]
[Source "ChessBase"]
[SourceDate "2007.07.04"]
[SourceVersion "1"]
[SourceVersionDate "2007.07.04"]
[SourceQuality "1"]

1. c4 e5 2. Nc3 Nc6 3. g3 g6 4. Bg2 Bg7 5. Rb1 a5 6. e3 d6 7. Nge2 Nge7 8. d3 0-0 9. a3 Be6 10. Nd5 Qd7 11. Nec3 Nc8 12. Qb3 Nd8 13. Nb5 Bxd5 14. cxd5 c6 15. Nc3 Rb8 16. a4 cxd5 17. Qxd5 Qc6 18. 0-0 Qxd5 19. Bxd5 Ne7 20. Bc4 Ndc6 21. b3 Rfd8 22. e4 Bf8 23. f4 Kg7 24. Rb2 Rd7 25. Rbf2 Nc8 26. Nd5 Nd8 27. Bb2 Nc6 28. fxe5 dxe5 29. Nf6 Rc7 1-0

[Event "Porto San Giorgio op 18th"]
[Site "Porto San Giorgio"]
[Date "2006.08.21"]
[Round "1"]
[White "Bonugli, Carlo"]
[Black "Palac, Mladen"]
[Result "0-1"]
[WhiteElo "2064"]
[BlackElo "2584"]
[PlyCount "112"]
[EventDate "2006.08.21"]
[EventType "swiss"]
[EventRounds "9"]
[EventCountry "ITA"]
[SourceTitle "CBM 113 Extra"]
[Source "ChessBase"]
[SourceDate "2006.09.14"]
[SourceVersion "1"]
[SourceVersionDate "2006.09.14"]
[SourceQuality "1"]

1. e4 c5 2. Nc3 Nc6 3. g3 g6 4. Bg2 Bg7 5. d3 d6 6. f4 e6 7. Nf3 Nge7 8. 0-0 0-0 9. Be3 b6 10. d4 Ba6 11. Re1 Qc7 12. a4 Rad8 13. Nb5 Qb8 14. c3 Rfe8 15. Bf2 Bb7 16. Qe2 a6 17. Na3 Qc7 18. e5 cxd4 19. cxd4 Nb4 20. Rac1 Qd7 21. Nc4 Nc8 22. exd6 Qxa4 23. Nfe5 Bxg2 24. d7 Ba8 25. dxe8Q+ Qxe8 26. Red1 Qb5 27. Kf1 Qd5 28. Ne3 Qh1+ 29. Bg1 f6 30. Qg4 Bd5 31. Nxd5 Qxd5 32. Nd3 Nc6 33. Ne1 Nd6 34. Qe2 g5 35. Nf3 gxf4 36. gxf4 Nf5 37. Re1 Rd6 38. Rcd1 Nb4 39. Ne5 Qb7 40. Nf3 Nd5 41. Bf2 Nxf4 42. Qe4 Qxe4 43. Rxe4 Nd5 44. Rc1 Kf7 45. Ree1 a5 46. Rc8 Nfe7 47. Rc4 Bh6 48. Bg3 Rd7 49. Kf2 Ra7 50. Re2 a4 51. Nd2 b5 52. Rc5 Nf5 53. Nf3 b4 54. Rc6 a3 55. bxa3 bxa3 56. Rcxe6 a2 0-1

[Event "Cattolica op 2nd"]
[Site "Cattolica"]
[Date "2006.06.17"]
[Round "6"]
[White "Bornaccioni, Daniele"]
[Black "Bonugli, Carlo"]
[Result "0-1"]
[WhiteElo "1900"]
[BlackElo "2065"]
[PlyCount "112"]
[EventDate "2006.06.12"]
[EventType "swiss"]
[EventRounds "6"]
[EventCountry "ITA"]
[SourceTitle "EXT 2024"]
[Source "ChessBase"]
[SourceDate "2023.10.10"]
[SourceVersion "1"]
[SourceVersionDate "2023.10.10"]
[SourceQuality "1"]

1. d4 Nf6 2. Nf3 g6 3. g3 Bg7 4. Bg2 0-0 5. 0-0 d6 6. Nc3 Nbd7 7. e4 e5 8. Re1 exd4 9. Nxd4 Nc5 10. h3 Ne6 11. Be3 Nxd4 12. Bxd4 Be6 13. f4 c5 14. Bf2 Rb8 15. Qf3 Qb6 16. b3 Qa5 17. Rad1 Ng4 18. hxg4 Bxc3 19. f5 Bd7 20. f6 Be5 21. Be3 Qd8 22. g5 Qc8 23. Qf2 Bg4 24. Bf3 Rd8 25. Qh2 h5 26. gxh6 Bxf3 27. h7+ Kh8 28. Qh6 Bxf6 29. Qf4 Qe6 30. Qxf3 Kxh7 31. Kg2 Rh8 32. Rh1+ Kg7 33. Bf4 Rxh1 34. Rxh1 Rh8 35. Rxh8 Kxh8 36. c4 Kg8 37. Qd3 Be5 38. Bh6 Qg4 39. Qe3 Bd4 40. Qf4 Qxf4 41. gxf4 f5 42. Kf3 Kf7 43. Bg5 Bf6 44. Bh6 Kg8 45. a3 Be7 46. b4 cxb4 47. axb4 a6 48. Ke3 Kf7 49. Kd4 Ke6 50. exf5+ gxf5 51. Bg7 Bh4 52. b5 Bf2+ 53. Kd3 axb5 54. cxb5 Kd5 55. Kc3 Kc5 56. Bf8 Be3 0-1

[Event "Cattolica op 2nd"]
[Site "Cattolica"]
[Date "2006.06.16"]
[Round "5"]
[White "Bonugli, Carlo"]
[Black "Pivotto, Carlo"]
[Result "1/2-1/2"]
[WhiteElo "2065"]
[BlackElo "1835"]
[PlyCount "38"]
[EventDate "2006.06.12"]
[EventType "swiss"]
[EventRounds "6"]
[EventCountry "ITA"]
[SourceTitle "EXT 2024"]
[Source "ChessBase"]
[SourceDate "2023.10.10"]
[SourceVersion "1"]
[SourceVersionDate "2023.10.10"]
[SourceQuality "1"]

1. e4 d6 2. d4 Nf6 3. Nc3 e5 4. dxe5 dxe5 5. Qxd8+ Kxd8 6. Bc4 Be6 7. Bxe6 fxe6 8. Nf3 Bd6 9. Bg5 Nc6 10. 0-0-0 Ke7 11. Rhe1 Rhf8 12. h3 h6 13. Be3 g5 14. Nh2 a6 15. Ng4 Nxg4 16. hxg4 b5 17. Rh1 Rf6 18. Ne2 Nd8 19. Rh2 Nf7 1/2-1/2

[Event "Salsomaggiore Terme op"]
[Site "Salsomaggiore Terme"]
[Date "2006.05.13"]
[Round "3"]
[White "Bonugli, Carlo"]
[Black "De Zaiacomo, Tonino"]
[Result "1/2-1/2"]
[WhiteElo "2065"]
[BlackElo "1911"]
[PlyCount "32"]
[EventDate "2006.05.12"]
[EventType "swiss"]
[EventRounds "6"]
[EventCountry "ITA"]
[SourceTitle "EXT 2007"]
[Source "ChessBase"]
[SourceDate "2006.11.23"]
[SourceVersion "1"]
[SourceVersionDate "2006.11.23"]
[SourceQuality "1"]

1. e4 e5 2. Nc3 Nf6 3. f4 exf4 4. e5 Ng8 5. Nf3 d6 6. d4 dxe5 7. dxe5 Qxd1+ 8. Nxd1 Bf5 9. c3 Nc6 10. Bxf4 0-0-0 11. Ne3 Be6 12. Bc4 h6 13. Bxe6+ fxe6 14. Ke2 Bc5 15. Rad1 Nge7 16. Rxd8+ Rxd8 1/2-1/2

[Event "Salsomaggiore Terme op"]
[Site "Salsomaggiore Terme"]
[Date "2006.05.12"]
[Round "2"]
[White "Bonugli, Carlo"]
[Black "Vezzosi, Paolo"]
[Result "0-1"]
[WhiteElo "2065"]
[BlackElo "2362"]
[PlyCount "112"]
[EventDate "2006.05.12"]
[EventType "swiss"]
[EventRounds "6"]
[EventCountry "ITA"]
[SourceTitle "EXT 2007"]
[Source "ChessBase"]
[SourceDate "2006.11.23"]
[SourceVersion "1"]
[SourceVersionDate "2006.11.23"]
[SourceQuality "1"]

1. e4 c5 2. Nc3 Nc6 3. g3 g6 4. Bg2 Bg7 5. d3 e6 6. Be3 Nd4 7. Nce2 Nxe2 8. Nxe2 Bxb2 9. Rb1 Bg7 10. Bxc5 d6 11. Bb4 Ne7 12. 0-0 0-0 13. c4 Nc6 14. Ba3 Qc7 15. Qb3 Rd8 16. Rfc1 b6 17. Bb2 Bxb2 18. Qxb2 Bb7 19. Nf4 Na5 20. h4 Qe7 21. h5 Rac8 22. hxg6 hxg6 23. Bf3 e5 24. Nd5 Qg5 25. Kg2 Bxd5 26. cxd5 Rc5 27. Rxc5 dxc5 28. Bd1 Qe7 29. Ba4 Kg7 30. Rh1 Rh8 31. Rxh8 Kxh8 32. Qb5 Nb7 33. Qc6 Kg7 34. Kf3 Nd6 35. Ke3 f5 36. Qd7 Qxd7 37. Bxd7 b5 38. f3 Kf6 39. Be6 a5 40. Bd7 a4 41. Bc6 a3 42. Kd2 f4 43. gxf4 exf4 44. Bd7 Ke5 45. Kc3 b4+ 46. Kc2 Nf7 47. Bg4 Kd6 48. Bh3 Ne5 49. Bg2 g5 50. Bh1 g4 51. fxg4 Nxg4 52. Bf3 Nh2 53. Bd1 f3 54. Kb3 f2 55. Be2 f1Q 56. Bxf1 Nxf1 0-1

[Event "Salsomaggiore Terme op"]
[Site "Salsomaggiore Terme"]
[Date "2005.06.20"]
[Round "1"]
[White "Molina, Fabrizio"]
[Black "Bonugli, Carlo"]
[Result "1-0"]
[WhiteElo "2257"]
[BlackElo "2030"]
[PlyCount "81"]
[EventDate "2005.06.04"]
[EventType "swiss"]
[EventRounds "6"]
[EventCountry "ITA"]
[SourceTitle "EXT 2006"]
[Source "ChessBase"]
[SourceDate "2005.11.24"]
[SourceVersion "1"]
[SourceVersionDate "2005.11.24"]
[SourceQuality "1"]

1. c4 e5 2. g3 Nc6 3. Bg2 g6 4. Nc3 Bg7 5. d3 d6 6. e4 f5 7. Nge2 Nf6 8. 0-0 0-0 9. Nd5 Ne7 10. Bg5 c6 11. Nxf6+ Bxf6 12. Bh6 Bg7 13. Bxg7 Kxg7 14. d4 fxe4 15. dxe5 dxe5 16. Bxe4 Bh3 17. Bg2 Bxg2 18. Kxg2 Qxd1 19. Raxd1 Rad8 20. Rfe1 Nf5 21. b3 Rxd1 22. Rxd1 Rf7 23. Nc3 Re7 24. Kf3 Nd4+ 25. Ke4 Kf6 26. Rd2 Nf5 27. Na4 Nh6 28. Rd6+ Kf7 29. Nc5 Ng4 30. f3 Nf6+ 31. Ke3 h6 32. Ne4 Nxe4 33. Kxe4 Kg7 34. h4 h5 35. b4 Kf7 36. a4 b5 37. Rxc6 bxa4 38. Ra6 Rd7 39. Kxe5 Rc7 40. c5 Re7+ 41. Kf4 1-0

[Event "Crema op 06th"]
[Site "Crema"]
[Date "2004.09.03"]
[Round "2"]
[White "Bonugli, Carlo"]
[Black "Gromovs, Sergejs"]
[Result "0-1"]
[WhiteElo "2046"]
[BlackElo "2341"]
[PlyCount "72"]
[EventDate "2004.09.03"]
[EventType "swiss"]
[EventRounds "6"]
[EventCountry "ITA"]
[SourceTitle "EXT 2007"]
[Source "ChessBase"]
[SourceDate "2006.11.23"]
[SourceVersion "1"]
[SourceVersionDate "2006.11.23"]
[SourceQuality "1"]

1. e4 c5 2. Nc3 Nc6 3. g3 g6 4. Bg2 Bg7 5. d3 e6 6. Be3 Nd4 7. Nce2 Ne7 8. c3 Nxe2 9. Nxe2 d6 10. 0-0 0-0 11. f4 f5 12. Qd2 Rb8 13. h3 b5 14. g4 b4 15. d4 bxc3 16. bxc3 Qc7 17. Ng3 Ba6 18. Rfd1 Bc4 19. Qf2 fxg4 20. hxg4 cxd4 21. cxd4 d5 22. f5 Rb4 23. Bg5 h6 24. Bxe7 Qxe7 25. exd5 exd5 26. Rd2 Qg5 27. Bf3 h5 28. Qg2 h4 29. Nf1 Kh8 30. Rad1 gxf5 31. gxf5 Qxf5 32. Nh2 Rb1 33. Bg4 Rxd1+ 34. Rxd1 Qf4 35. Nf3 Rg8 36. Rd2 Bh6 0-1

[Event "Parco del Taro op 1st"]
[Site "Collecchio"]
[Date "2004.03.12"]
[Round "1"]
[White "Bonugli, Carlo"]
[Black "Rigo, Filippo"]
[Result "1-0"]
[WhiteElo "2056"]
[BlackElo "1567"]
[PlyCount "69"]
[EventDate "2004.03.12"]
[EventType "swiss"]
[EventRounds "5"]
[EventCountry "ITA"]
[SourceTitle "EXT 2007"]
[Source "ChessBase"]
[SourceDate "2006.11.23"]
[SourceVersion "1"]
[SourceVersionDate "2006.11.23"]
[SourceQuality "1"]

1. e4 Nf6 2. e5 Nd5 3. d4 d6 4. c4 Nb6 5. exd6 exd6 6. Nc3 Qe7+ 7. Be2 Nc6 8. Nf3 Bg4 9. 0-0 0-0-0 10. b3 g6 11. Bg5 f6 12. Be3 Bg7 13. h3 Bd7 14. d5 Ne5 15. a4 f5 16. Rc1 a5 17. Nb5 Bxb5 18. axb5 Nxf3+ 19. Bxf3 Bb2 20. Rb1 Bc3 21. Qc2 Bb4 22. Bd2 Bxd2 23. Qxd2 a4 24. bxa4 Nxa4 25. b6 Nxb6 26. Rfc1 Rhe8 27. Qa5 g5 28. c5 dxc5 29. Rxc5 Kb8 30. d6 Rxd6 31. Ra1 Kc8 32. Rxf5 Rf8 33. Re5 Qg7 34. Bg4+ Kd8 35. Qa8+ 1-0

[Event "Salsomaggiore Terme op 8th"]
[Site "Salsomaggiore Terme"]
[Date "2004.??.??"]
[Round "3"]
[White "Bonugli, Carlo"]
[Black "De Palma, Fabrizio"]
[Result "1/2-1/2"]
[WhiteElo "2065"]
[BlackElo "1945"]
[PlyCount "54"]
[EventDate "2004.05.??"]
[EventType "swiss"]
[EventRounds "6"]
[EventCountry "ITA"]
[SourceTitle "EXT 2007"]
[Source "ChessBase"]
[SourceDate "2006.11.23"]
[SourceVersion "1"]
[SourceVersionDate "2006.11.23"]
[SourceQuality "1"]

1. e4 e6 2. d3 d5 3. Nd2 c5 4. Ngf3 Nc6 5. g3 Nf6 6. Bg2 Be7 7. 0-0 0-0 8. e5 Nd7 9. Re1 Qc7 10. Qe2 b5 11. c4 bxc4 12. dxc4 d4 13. Ne4 Bb7 14. Bf4 Rad8 15. Nd6 Bxd6 16. exd6 Qb6 17. Qd2 Na5 18. b3 Bc6 19. Bg5 f6 20. Rxe6 fxg5 21. Nxg5 Nf6 22. f3 Nb7 23. Qd3 h6 24. Rxf6 hxg5 25. Rh6 Rxd6 26. Qh7+ Kf7 27. Qf5+ Kg8 1/2-1/2

[Event "Salsomaggiore Terme op 8th"]
[Site "Salsomaggiore Terme"]
[Date "2004.??.??"]
[Round "6"]
[White "Bonugli, Carlo"]
[Black "Peric, Slavisa"]
[Result "0-1"]
[WhiteElo "2065"]
[BlackElo "2245"]
[PlyCount "124"]
[EventDate "2004.05.??"]
[EventType "swiss"]
[EventRounds "6"]
[EventCountry "ITA"]
[SourceTitle "EXT 2007"]
[Source "ChessBase"]
[SourceDate "2006.11.23"]
[SourceVersion "1"]
[SourceVersionDate "2006.11.23"]
[SourceQuality "1"]

1. e4 e6 2. d3 d5 3. Nd2 Nf6 4. Ngf3 Be7 5. g3 dxe4 6. dxe4 b6 7. Bg2 Ba6 8. c4 Bb7 9. e5 Nfd7 10. 0-0 Nc5 11. Qe2 a5 12. Rd1 Qc8 13. Nf1 0-0 14. h4 Nc6 15. Bg5 h6 16. Bf4 Rd8 17. Rxd8+ Qxd8 18. Rd1 Qe8 19. Ne3 Rd8 20. Nc2 Rxd1+ 21. Qxd1 Qd8 22. Qxd8+ Bxd8 23. Nfe1 Be7 24. h5 Kf8 25. Kf1 Ke8 26. Bf3 Kd8 27. Ke2 Kc8 28. Ke3 Nd7 29. Nd3 Bg5 30. Ke2 Bxf4 31. gxf4 Ne7 32. Nd4 Nb8 33. Bxb7+ Kxb7 34. Ke3 Nbc6 35. Nf3 Nf5+ 36. Ke4 Nce7 37. b3 Kc6 38. a3 b5 39. Nd2 g6 40. hxg6 fxg6 41. Nf3 Kb6 42. Nh2 c5 43. Ng4 a4 44. bxa4 bxc4 45. Nb2 c3 46. Nc4+ Kc6 47. Kd3 Nd5 48. Nf6 Nxf4+ 49. Kxc3 h5 50. Kd2 h4 51. Ng4 h3 52. f3 Nh6 53. Nh2 Nf7 54. Ke3 Nd5+ 55. Kd3 Nb6 56. Nxb6 Kxb6 57. f4 Nd8 58. Nf3 Nc6 59. Kc4 Na5+ 60. Kc3 Kc6 61. Kd2 Kd5 62. Ke3 Kc4 0-1

[Event "Salsomaggiore Terme op 8th"]
[Site "Salsomaggiore Terme"]
[Date "2004.??.??"]
[Round "2"]
[White "Marson, Luca"]
[Black "Bonugli, Carlo"]
[Result "1/2-1/2"]
[WhiteElo "1865"]
[BlackElo "2065"]
[PlyCount "88"]
[EventDate "2004.05.??"]
[EventType "swiss"]
[EventRounds "6"]
[EventCountry "ITA"]
[SourceTitle "EXT 2007"]
[Source "ChessBase"]
[SourceDate "2006.11.23"]
[SourceVersion "1"]
[SourceVersionDate "2006.11.23"]
[SourceQuality "1"]

1. e4 e6 2. d4 d5 3. e5 c5 4. Qg4 cxd4 5. Nf3 Nc6 6. Bd3 Nge7 7. 0-0 Nb4 8. Qxd4 Nec6 9. Qg4 Nxd3 10. cxd3 f6 11. d4 f5 12. Qf4 Be7 13. h4 0-0 14. Nc3 a6 15. Be3 Bd7 16. Rfd1 Be8 17. Rac1 Bh5 18. g3 Kh8 19. Na4 Qa5 20. b3 Rac8 21. Bd2 Qd8 22. Kg2 Bxf3+ 23. Kxf3 h6 24. Kg2 Qe8 25. Rh1 Qh5 26. Be3 Qe2 27. Qf3 Qxa2 28. Qh5 Kh7 29. Nc5 Bxc5 30. dxc5 Nxe5 31. Qd1 Nc6 32. Bd2 a5 33. Bc3 Nb4 34. Re1 f4 35. gxf4 Rxc5 36. Re2 Rxc3 37. Rxa2 Nxa2 38. Rxc3 Nxc3 39. Qd3+ Ne4 40. f3 Rxf4 41. fxe4 Rxe4 42. h5 b5 43. Kf3 a4 44. bxa4 bxa4 1/2-1/2

[Event "Rivarolo Mantovano op"]
[Site "Rivarolo Mantovano"]
[Date "2003.10.12"]
[Round "2"]
[White "Bonugli, Carlo"]
[Black "Cottarelli, Franco"]
[Result "1/2-1/2"]
[WhiteElo "2047"]
[BlackElo "1698"]
[PlyCount "58"]
[EventDate "2003.10.11"]
[EventType "swiss"]
[EventRounds "6"]
[EventCountry "ITA"]
[SourceTitle "EXT 2007"]
[Source "ChessBase"]
[SourceDate "2006.11.23"]
[SourceVersion "1"]
[SourceVersionDate "2006.11.23"]
[SourceQuality "1"]

1. e4 e5 2. Nc3 Nc6 3. f4 Bb4 4. Nd5 exf4 5. Qg4 d6 6. Qxf4 Be6 7. Bb5 Bc5 8. Nf3 a6 9. Ba4 b5 10. Bb3 Nge7 11. Qg3 Ng6 12. c3 Ba7 13. d4 0-0 14. Bg5 Qd7 15. 0-0 Bxd5 16. Bxd5 Rae8 17. Rfe1 b4 18. Nh4 bxc3 19. bxc3 Nxd4 20. cxd4 Bxd4+ 21. Kh1 Bxa1 22. Rxa1 c6 23. Nxg6 hxg6 24. Bc4 Rxe4 25. Bxa6 Rfe8 26. Bd2 d5 27. Bd3 Ra4 28. Bc2 Rc4 29. Bd3 Ra4 1/2-1/2